[Event "Barber/Rockefeller Qualifier"]
[Site "Chess.com"]
[Date "2020.04.11"]
[Round "?"]
[White "Ivanovic, Mina"]
[Black "Iarovich, Shachar"]
[Result "1-0"]
[WhiteElo "1039"]
[BlackElo "886"]
[PlyCount "55"]
[EventDate "2020.??.??"]

1. b4 e5 2. Nc3 Bxb4 3. Bb2 Nc6 4. g3 Nf6 5. Bg2 O-O 6. a3 Bxc3 7. Bxc3 Qe7 8.
Bb2 d6 9. d3 Bg4 10. Qd2 Rae8 11. e4 Nd4 12. Bc3 c6 13. Bxd4 exd4 14. Nf3 Bxf3
15. Bxf3 d5 16. O-O dxe4 17. dxe4 Nxe4 18. Qxd4 Ng5 19. Bg2 a6 20. Qd2 f6 21.
Rfe1 Qd7 22. Qxd7 Rb8 23. Re7 Rf7 24. Rxf7 Nxf7 25. Re1 Kf8 26. Re7 Ng5 27.
Rxg7 h6 28. Qe7# 1-0

[Event "Barber/Rockefeller Qualifier"]
[Site "Chess.com"]
[Date "2020.04.11"]
[Round "?"]
[White "Smith, Cole"]
[Black "Ivanovic, Mina"]
[Result "0-1"]
[WhiteElo "837"]
[BlackElo "1039"]
[PlyCount "114"]
[EventDate "2020.??.??"]

1. d4 Nf6 2. Bf4 g6 3. Nf3 Bg7 4. e3 d6 5. Bb5+ c6 6. Bd3 Nbd7 7. c3 O-O 8. O-O
Re8 9. Nbd2 e5 10. Bg5 e4 11. Bxe4 Qb6 12. Bxf6 Nxf6 13. Nc4 Qd8 14. Bd3 Bg4
15. Qd2 Bxf3 16. gxf3 Nd5 17. e4 Nf6 18. e5 dxe5 19. dxe5 Nd7 20. Nd6 Rxe5 21.
Nxb7 Qc7 22. Ba6 Rh5 23. Rfe1 Qb6 24. Qxd7 Qxa6 25. Nc5 Rxc5 26. Re8+ Rxe8 27.
Qxe8+ Bf8 28. Qe3 Rf5 29. Qe4 Rg5+ 30. Kh1 Qb7 31. f4 Rh5 32. Rg1 Qc7 33. Rg5
Rxg5 34. fxg5 Bc5 35. Qe8+ Bf8 36. h4 Qd6 37. h5 Qf4 38. hxg6 hxg6 39. b4 Qxg5
40. b5 c5 41. Qa8 Kg7 42. Qxa7 Bd6 43. b6 Qf4 44. Kg1 Qh2+ 45. Kf1 Be5 46. b7
Qf4 47. Qxc5 Bd6 48. b8=Q Bxb8 49. Qc8 Ba7 50. Ke1 Qxf2+ 51. Kd1 Be3 52. Qd8
Qxa2 53. c4 Qxc4 54. Ke1 Qc2 55. Qa5 Qf2+ 56. Kd1 f6 57. Qg5 Qd2# 0-1

[Event "Barber/Rockefeller Qualifier"]
[Site "Chess.com"]
[Date "2020.04.11"]
[Round "?"]
[White "Ivanovic, Mina"]
[Black "Moghe, Arjun"]
[Result "0-1"]
[WhiteElo "1039"]
[BlackElo "913"]
[PlyCount "80"]
[EventDate "2020.??.??"]

1. c4 e5 2. Nc3 Nc6 3. g3 Nf6 4. Bg2 Bc5 5. d3 Ng4 6. Ne4 Bb4+ 7. Bd2 Bxd2+ 8.
Nxd2 O-O 9. Ngf3 d6 10. O-O Nf6 11. e4 Nb4 12. Qb3 Nc6 13. Qc2 Be6 14. Ng5 Bd7
15. c5 Nd4 16. Qd1 dxc5 17. Ngf3 Bg4 18. Qc1 Ne2+ 19. Kh1 Nxc1 20. Raxc1 Bxf3
21. Bxf3 b6 22. a4 Qxd3 23. Rfd1 Rad8 24. Rc3 Qxd2 25. Rxd2 Rxd2 26. Kg2 Rxb2
27. Rc1 Rb4 28. Rf1 Rxa4 29. h3 b5 30. Rh1 b4 31. Bd1 Ra1 32. Bf3 Rxh1 33. Kxh1
b3 34. Kg2 b2 35. Bd1 b1=Q 36. Bf3 Nxe4 37. Bxe4 Qxe4+ 38. Kg1 Rd8 39. Kh2 Rd1
40. f3 Qe2# 0-1

[Event "Barber/Rockefeller Qualifier"]
[Site "Chess.com"]
[Date "2020.04.11"]
[Round "?"]
[White "Smith, Cole"]
[Black "Tunuguntla, Sai Srithan"]
[Result "1-0"]
[WhiteElo "837"]
[BlackElo "984"]
[PlyCount "67"]
[EventDate "2020.??.??"]

1. d4 d5 2. Bf4 Nc6 3. Nd2 Nxd4 4. e3 Nc6 5. Bb5 Nf6 6. Ndf3 a6 7. Ba4 b5 8.
Bb3 a5 9. c3 e6 10. Ne2 Bc5 11. O-O O-O 12. Ne5 Nxe5 13. Bxe5 Bd6 14. Bxd6 Qxd6
15. Nd4 c5 16. Nxb5 Qe5 17. h3 Rb8 18. Na7 Qc7 19. Nxc8 Rfxc8 20. Ba4 Rxb2 21.
Rb1 Rxa2 22. Qb3 Rd2 23. Qb5 Ne4 24. Rb2 Nxc3 25. Qb7 Rxb2 26. Qxb2 Nxa4 27.
Qb5 Nc3 28. Qb3 Ne4 29. Qa4 Kh8 30. Rb1 f5 31. Rb3 e5 32. Rb5 Ra8 33. Rxa5 Rxa5
34. Qe8# 1-0

[Event "Barber/Rockefeller Qualifier"]
[Site "Chess.com"]
[Date "2020.04.11"]
[Round "?"]
[White "Shanmugam, Varsha"]
[Black "Tunuguntla, Sai Srithan"]
[Result "1-0"]
[WhiteElo "939"]
[BlackElo "984"]
[PlyCount "63"]
[EventDate "2020.??.??"]

1. e4 e5 2. Nf3 Nc6 3. Bc4 Bc5 4. O-O d6 5. d3 Nf6 6. h3 O-O 7. Nc3 h6 8. Re1
Re8 9. Qe2 Be6 10. Bxe6 Rxe6 11. Nh2 Nd4 12. Qd1 Qd7 13. Ng4 Rd8 14. Bd2 b5 15.
Nb1 c6 16. Be3 Nxg4 17. Qxg4 Rg6 18. Qh4 Nxc2 19. Nd2 Nxa1 20. Rxa1 a5 21. Nf3
f6 22. Qh5 Bxe3 23. Qxg6 Bc5 24. Rc1 Qf7 25. Qg3 d5 26. Rxc5 dxe4 27. dxe4 Rd1+
28. Kh2 Qxa2 29. Qg6 Qxb2 30. Rxc6 Rd8 31. Rc7 Kf8 32. Qf7# 1-0

[Event "Barber/Rockefeller Qualifier"]
[Site "Chess.com"]
[Date "2020.04.11"]
[Round "?"]
[White "Tunuguntla, Sai Srithan"]
[Black "Iarovich, Shachar"]
[Result "1/2-1/2"]
[WhiteElo "984"]
[BlackElo "886"]
[PlyCount "53"]
[EventDate "2020.??.??"]

1. e4 e5 2. Nf3 Nc6 3. Bc4 Bc5 4. O-O Nf6 5. Nc3 O-O 6. d3 h6 7. h3 d6 8. Re1
Qe7 9. Be3 Bxe3 10. Rxe3 Be6 11. Bxe6 Qxe6 12. Qd2 Rad8 13. Rd1 d5 14. exd5
Nxd5 15. d4 Nxe3 16. Qxe3 Qg6 17. Rd3 Rfe8 18. dxe5 Rxd3 19. cxd3 Qf5 20. d4
Qc2 21. Nd5 Qd1+ 22. Ne1 Rd8 23. Nxc7 Rxd4 24. Nb5 Ra4 25. Nc3 Qd4 26. Nxa4
Qxa4 27. a3 1/2-1/2

[Event "Barber/Rockefeller Qualifier"]
[Site "Chess.com"]
[Date "2020.04.11"]
[Round "?"]
[White "Stein, Benjamin"]
[Black "Barenkala, Surya"]
[Result "1-0"]
[WhiteElo "983"]
[BlackElo "453"]
[PlyCount "69"]
[EventDate "2020.??.??"]

1. e4 e5 2. Bc4 Nf6 3. Nc3 Nc6 4. Nf3 Bc5 5. O-O d6 6. d3 O-O 7. h3 h6 8. a3
Bd7 9. b4 Re8 10. bxc5 dxc5 11. Bb5 Rb8 12. Bxc6 Bxc6 13. Be3 Qd7 14. Bxc5 Red8
15. Bxa7 Ra8 16. Be3 Rac8 17. Nxe5 Qe6 18. Nxc6 Qxc6 19. Qd2 Rd7 20. Ne2 Rcd8
21. Ng3 Qd6 22. Nf5 Qe5 23. Bxh6 gxh6 24. Qxh6 Ng4 25. Qg5+ Kf8 26. Qxg4 Ra8
27. d4 Qxd4 28. Nxd4 Rxd4 29. Qh5 Rxe4 30. Qh8+ Ke7 31. Qxa8 Rb4 32. axb4 b6
33. Rfe1+ Kd7 34. Qe8+ Kd6 35. Rad1# 1-0

[Event "Barber/Rockefeller Qualifier"]
[Site "Chess.com"]
[Date "2020.04.11"]
[Round "?"]
[White "Barenkala, Surya"]
[Black "Stein, Benjamin"]
[Result "0-1"]
[WhiteElo "453"]
[BlackElo "983"]
[PlyCount "42"]
[EventDate "2020.??.??"]

1. e4 e5 2. Nf3 Nc6 3. Bb5 Bc5 4. Nc3 Nf6 5. O-O d6 6. Bxc6+ bxc6 7. Rb1 O-O 8.
d3 Ba6 9. Bg5 h6 10. Bxf6 Qxf6 11. h3 Qg6 12. Na4 Bc8 13. Nxc5 dxc5 14. Nxe5
Qg5 15. Nxc6 Bxh3 16. Qf3 Bd7 17. b3 Bxc6 18. a4 f5 19. exf5 Bxf3 20. g3 Qh5
21. g4 Qh1# 0-1

[Event "Barber/Rockefeller Qualifier"]
[Site "Chess.com"]
[Date "2020.04.11"]
[Round "?"]
[White "Stein, Benjamin"]
[Black "Chaurasia, Vihaan"]
[Result "0-1"]
[WhiteElo "983"]
[BlackElo "940"]
[PlyCount "44"]
[EventDate "2020.??.??"]

1. e4 e5 2. Bc4 Bc5 3. Qh5 Qe7 4. d3 Nf6 5. Qg5 O-O 6. Nf3 h6 7. Qg3 d6 8. Bxh6
Ng4 9. Qxg4 Bxg4 10. Bd5 c6 11. Bxc6 Nxc6 12. Bg5 Qe6 13. Nfd2 Qg6 14. h4 Nd4
15. f3 Nxc2+ 16. Kd1 Nxa1 17. fxg4 f6 18. Nc3 fxg5 19. Nd5 Rfe8 20. h5 Qe6 21.
Nc7 Qxg4+ 22. Nf3 Qxg2 0-1

[Event "Barber/Rockefeller Qualifier"]
[Site "Chess.com"]
[Date "2020.04.11"]
[Round "?"]
[White "Yuen, Otto"]
[Black "Stein, Benjamin"]
[Result "0-1"]
[WhiteElo "902"]
[BlackElo "983"]
[PlyCount "80"]
[EventDate "2020.??.??"]

1. e4 e5 2. Nf3 Nc6 3. Nc3 Nf6 4. Bc4 Bc5 5. d3 O-O 6. O-O d6 7. Bg5 h6 8. Bxf6
Qxf6 9. Qd2 Bg4 10. Qd1 Nd4 11. h3 Bxf3 12. gxf3 Nxf3+ 13. Kh1 Qf4 14. Qxf3
Qxf3+ 15. Kg1 Qxh3 16. Nd5 c6 17. Nc7 Rac8 18. a3 Rxc7 19. b4 Bd4 20. Rae1 b5
21. Ba2 c5 22. bxc5 Rxc5 23. Rc1 Bb2 24. Rce1 Rxc2 25. Re3 Qg4+ 26. Rg3 Qe2 27.
Re3 Qh5 28. Bb3 Rc3 29. Ba2 Rxa3 30. Bd5 Ra1 31. Kg2 Rxf1 32. Kxf1 Qh1+ 33. Ke2
Bc3 34. f4 exf4 35. e5 Qxd5 36. Re4 f3+ 37. Kxf3 Qxd3+ 38. Kf4 dxe5+ 39. Kf5
Qf3+ 40. Rf4 Qxf4# 0-1

[Event "Barber/Rockefeller Qualifier"]
[Site "Chess.com"]
[Date "2020.04.11"]
[Round "?"]
[White "Moghe, Arjun"]
[Black "Stein, Samuel"]
[Result "1/2-1/2"]
[WhiteElo "913"]
[BlackElo "968"]
[PlyCount "36"]
[EventDate "2020.??.??"]

1. e4 e6 2. d4 d5 3. e5 c5 4. c3 Nc6 5. Nf3 f6 6. Be3 c4 7. Be2 fxe5 8. dxe5
Qc7 9. Bf4 Bc5 10. O-O Bd7 11. Nbd2 O-O-O 12. Bg5 Re8 13. Bf4 Bb6 14. Re1 Nh6
15. h3 Nf5 16. Qc2 Ref8 17. Bh2 Nce7 18. Bd1 Nh4 1/2-1/2

[Event "Barber/Rockefeller Qualifier"]
[Site "Chess.com"]
[Date "2020.04.11"]
[Round "?"]
[White "Stein, Samuel"]
[Black "Shanmugam, Varsha"]
[Result "1-0"]
[WhiteElo "968"]
[BlackElo "939"]
[PlyCount "71"]
[EventDate "2020.??.??"]

1. e4 e5 2. Nf3 Nc6 3. Bc4 Bc5 4. c3 Nf6 5. d4 exd4 6. cxd4 Bb6 7. d5 Na5 8.
Bd3 O-O 9. O-O d6 10. Nc3 Bg4 11. h3 Bh5 12. Bg5 h6 13. Bh4 Re8 14. Re1 Qe7 15.
Qd2 Rad8 16. b4 Bxf3 17. bxa5 Bxa5 18. gxf3 Qe5 19. Rac1 Bb6 20. Bg3 Qh5 21.
Kg2 Bd4 22. Nb5 Bb6 23. Nxc7 Qg6 24. e5 dxe5 25. Bxg6 fxg6 26. Nxe8 Nxe8 27.
Bxe5 Rd7 28. Bd4 Nd6 29. Bxb6 axb6 30. Qb4 Rd8 31. Qxb6 Rd7 32. Rc7 Rd8 33.
Rxg7+ Kxg7 34. Qxd8 Kh7 35. Re7+ Nf7 36. Rxf7# 1-0

[Event "Barber/Rockefeller Qualifier"]
[Site "Chess.com"]
[Date "2020.04.11"]
[Round "?"]
[White "Chaurasia, Vihaan"]
[Black "Iarovich, Shachar"]
[Result "1-0"]
[WhiteElo "940"]
[BlackElo "886"]
[PlyCount "45"]
[EventDate "2020.??.??"]

1. d4 d5 2. c4 dxc4 3. e3 Be6 4. e4 Nf6 5. d5 Bg4 6. Nf3 Nxe4 7. Bxc4 e6 8. O-O
exd5 9. Bxd5 Qf6 10. Bxe4 c6 11. h3 Bh5 12. Qd2 Bc5 13. Bc2 Bxf3 14. gxf3 Qxf3
15. Rd1 O-O 16. Nc3 Qxh3 17. Qe2 Bd6 18. f3 Qg3+ 19. Kf1 Qh3+ 20. Kg1 Bc5+ 21.
Be3 Bb4 22. Qd3 Qxf3 23. Qxh7# 1-0

[Event "Barber/Rockefeller Qualifier"]
[Site "Chess.com"]
[Date "2020.04.11"]
[Round "?"]
[White "Chaurasia, Vihaan"]
[Black "Shanmugam, Varsha"]
[Result "0-1"]
[WhiteElo "940"]
[BlackElo "939"]
[PlyCount "28"]
[EventDate "2020.??.??"]

1. e4 e5 2. Nf3 Nc6 3. Bb5 d6 4. O-O a6 5. Bc4 Nf6 6. Nc3 Bg4 7. h3 Bh5 8. d3
Nd4 9. Be3 Nxf3+ 10. gxf3 Be7 11. f4 Qd7 12. Qd2 Qxh3 13. fxe5 Bf3 14. Bf4 Qg2#
0-1

[Event "Barber/Rockefeller Qualifier"]
[Site "Chess.com"]
[Date "2020.04.11"]
[Round "?"]
[White "Barenkala, Surya"]
[Black "Shanmugam, Varsha"]
[Result "0-1"]
[WhiteElo "453"]
[BlackElo "939"]
[PlyCount "64"]
[EventDate "2020.??.??"]

1. e4 e5 2. Nf3 Nc6 3. Nc3 Nf6 4. Bb5 d6 5. Bxc6+ bxc6 6. Rb1 Be7 7. d3 h6 8.
O-O O-O 9. Be3 Bg4 10. h3 Bh5 11. Qd2 d5 12. exd5 cxd5 13. Nxe5 d4 14. Bxd4
Qxd4 15. Nc6 Qd6 16. Nxe7+ Qxe7 17. Rfe1 Qd6 18. Nb5 Qd7 19. Qa5 Rfb8 20. Nxc7
Rb7 21. Na6 Rb5 22. Qa3 Rc8 23. Qe7 Qxe7 24. Rxe7 Rxc2 25. Rxa7 Rf5 26. Ra8+
Kh7 27. Re1 Rfxf2 28. Rae8 Rxg2+ 29. Kh1 Rh2+ 30. Kg1 Rcg2+ 31. Kf1 Bf3 32.
R1e3 Rh1# 0-1

[Event "Barber/Rockefeller Qualifier"]
[Site "Chess.com"]
[Date "2020.04.11"]
[Round "?"]
[White "Tunuguntla, Sai Srithan"]
[Black "Yuen, Otto"]
[Result "1-0"]
[WhiteElo "984"]
[BlackElo "902"]
[PlyCount "53"]
[EventDate "2020.??.??"]

1. e4 e5 2. Nf3 Nc6 3. Bc4 Nf6 4. d3 d5 5. exd5 Nxd5 6. Bxd5 Qxd5 7. Nc3 Qd8 8.
O-O Bc5 9. Re1 Qe7 10. Nd5 Qd6 11. Bf4 Qe6 12. Nxc7+ Kf8 13. Nxe6+ Bxe6 14.
Nxe5 Nxe5 15. Rxe5 f6 16. Rxc5 b6 17. Bd6+ Kf7 18. Rc7+ Kg8 19. Re7 Kf8 20.
Rxe6+ Kf7 21. Qe1 Rae8 22. Re7+ Kg8 23. Rxe8+ Kf7 24. Rxh8 Kg6 25. Qe8+ Kf5 26.
Rxh7 Kg5 27. Qh5# 1-0

[Event "Barber/Rockefeller Qualifier"]
[Site "Chess.com"]
[Date "2020.04.11"]
[Round "?"]
[White "Yuen, Otto"]
[Black "Barenkala, Surya"]
[Result "1-0"]
[WhiteElo "902"]
[BlackElo "453"]
[PlyCount "107"]
[EventDate "2020.??.??"]

1. e4 e5 2. Nf3 Nc6 3. Nc3 Bb4 4. Bc4 Bxc3 5. dxc3 Na5 6. O-O Nxc4 7. Qd5 Nb6
8. Qxe5+ Qe7 9. Qxg7 Qf6 10. Qg3 Nh6 11. Qxc7 O-O 12. Qc5 Qc6 13. Qxc6 bxc6 14.
Bxh6 Ba6 15. Bxf8 Bxf1 16. Rxf1 Rxf8 17. e5 Re8 18. Re1 Nd5 19. c4 Nb4 20. a3
Nxc2 21. Re2 Na1 22. b4 d6 23. Re1 Nb3 24. c5 dxe5 25. Nxe5 f6 26. Nf3 Rxe1+
27. Nxe1 Nd4 28. Nd3 a6 29. Nf4 Ne2+ 30. Kf1 Nd4 31. Nh5 f5 32. Nf6+ Kg7 33.
Ne8+ Kf8 34. Nd6 Nc2 35. Nxf5 Nxa3 36. h4 Nc2 37. Nd6 Nxb4 38. Nb7 Nd3 39. g4
Nxc5 40. Nxc5 a5 41. f4 Kf7 42. Kf2 h6 43. Kg3 Kg6 44. h5+ Kf6 45. Kh4 Kg7 46.
g5 hxg5+ 47. fxg5 Kh7 48. h6 Kg6 49. Kg4 Kh7 50. Kh5 Kh8 51. g6 Kg8 52. h7+ Kh8
53. Kh6 a4 54. g7# 1-0

[Event "Barber/Rockefeller Qualifier"]
[Site "Chess.com"]
[Date "2020.04.11"]
[Round "?"]
[White "Iarovich, Shachar"]
[Black "Yuen, Otto"]
[Result "1-0"]
[WhiteElo "886"]
[BlackElo "902"]
[PlyCount "113"]
[EventDate "2020.??.??"]

1. e4 e5 2. Nf3 Nc6 3. Bc4 Nf6 4. Ng5 d5 5. exd5 Nxd5 6. Qf3 Be6 7. d3 Be7 8.
Nxe6 fxe6 9. Nc3 Qd6 10. Bxd5 exd5 11. Nxd5 Bf6 12. Nxf6+ gxf6 13. O-O O-O-O
14. Qg4+ Kb8 15. Be3 Rhg8 16. Qf5 e4 17. Qxe4 Rde8 18. Qxh7 Qe6 19. Rae1 Re7
20. Qh6 Qg4 21. g3 Nd4 22. Bxd4 Rxe1 23. Rxe1 Qxd4 24. Qh5 Qa4 25. b3 Qc6 26.
d4 a6 27. Qh7 Rc8 28. Qg6 Qc3 29. Re8 Rxe8 30. Qxe8+ Ka7 31. Qe3 Qxc2 32. h4
Qb1+ 33. Kg2 Qxa2 34. h5 Qa5 35. h6 Qh5 36. g4 Qxg4+ 37. Kf1 Qd1+ 38. Qe1 Qxd4
39. Qe8 f5 40. h7 b5 41. h8=Q Qxh8 42. Qxh8 a5 43. Qd4+ Ka6 44. Qf6+ Kb7 45.
Qxf5 Kc6 46. Qe5 Kb6 47. f3 c5 48. f4 a4 49. bxa4 bxa4 50. f5 a3 51. f6 a2 52.
f7 a1=Q+ 53. Qxa1 c4 54. f8=Q Kb5 55. Qc8 Kb4 56. Qb2+ Ka4 57. Qa8# 1-0

[Event "Barber/Rockefeller Qualifier"]
[Site "Chess.com"]
[Date "2020.04.11"]
[Round "?"]
[White "Barenkala, Surya"]
[Black "Smith, Cole"]
[Result "1-0"]
[WhiteElo "453"]
[BlackElo "837"]
[PlyCount "123"]
[EventDate "2020.??.??"]

1. e4 e5 2. Nf3 Nc6 3. Nc3 Bc5 4. Bc4 Nf6 5. d3 O-O 6. Bb5 d6 7. Bxc6 bxc6 8.
O-O Bg4 9. h3 Bxf3 10. Qxf3 Rb8 11. Rb1 Be3 12. Bxe3 d5 13. exd5 cxd5 14. Bxa7
Ra8 15. Qe3 d4 16. Qxe5 dxc3 17. Qd5 Qxd5 18. bxc3 Rxa7 19. Rb3 Rxa2 20. Ra3
Rxa3 21. c4 Qxc4 22. dxc4 Rc3 23. Rc1 Rxc4 24. c3 Rb4 25. cxb4 Nd5 26. b5 Re8
27. Kf1 Re4 28. Re1 Rxe1+ 29. Kxe1 Nf4 30. g3 Ng2+ 31. Kf1 Nh4 32. gxh4 g6 33.
Ke2 h5 34. Kd3 f5 35. Kc4 Kf7 36. Kc5 Ke7 37. Kc6 Kd8 38. b6 cxb6 39. Kxb6 Ke7
40. Kc5 f4 41. f3 Kf6 42. Kd4 g5 43. hxg5+ Kxg5 44. Ke4 Kh4 45. Kxf4 Kxh3 46.
Kg5 h4 47. f4 Kg3 48. f5 h3 49. f6 h2 50. f7 h1=Q 51. f8=Q Qf3 52. Qh8 Qd5+ 53.
Kg6 Qe5 54. Qxe5+ Kf3 55. Qd4 Ke2 56. Qc3 Kd1 57. Qb2 Ke1 58. Kf5 Kd1 59. Ke4
Ke1 60. Kd3 Kf1 61. Ke3 Ke1 62. Qe2# 1-0

[Event "Barber/Rockefeller Qualifier"]
[Site "Chess.com"]
[Date "2020.04.11"]
[Round "?"]
[White "Johar, Nitya"]
[Black "Chapman, Harrison"]
[Result "0-1"]
[WhiteElo "888"]
[BlackElo "793"]
[PlyCount "78"]
[EventDate "2020.??.??"]

1. d4 e6 2. c4 d5 3. Nc3 Bd7 4. e4 Nc6 5. Nf3 Nf6 6. e5 Ne4 7. Nxe4 dxe4 8. Nd2
Nxd4 9. Nxe4 f5 10. Nc5 Bxc5 11. Be3 Bb4+ 12. Bd2 c5 13. Bxb4 cxb4 14. Qxd4 Qb6
15. Qxb6 axb6 16. O-O-O O-O-O 17. a3 bxa3 18. bxa3 Bc6 19. Be2 Bxg2 20. Rhg1
Bc6 21. Rxg7 Ba4 22. Rxd8+ Rxd8 23. Rxh7 b5 24. cxb5 Rd5 25. Bc4 Rc5 26. Rh4
Bxb5 27. Rh8+ Kc7 28. Rh7+ Kc6 29. Kd2 Rxc4 30. Rh8 Rd4+ 31. Ke3 Rd3+ 32. Ke2
Rh3+ 33. Ke1 Rxh8 34. f4 Rxh2 35. Kd1 Kc5 36. Ke1 Kc4 37. Kd1 b6 38. Ke1 Kd3
39. Kd1 Rh1# 0-1

[Event "Barber/Rockefeller Qualifier"]
[Site "Chess.com"]
[Date "2020.04.11"]
[Round "?"]
[White "Chung, Ryan"]
[Black "Johar, Nitya"]
[Result "1/2-1/2"]
[WhiteElo "400"]
[BlackElo "888"]
[PlyCount "112"]
[EventDate "2020.??.??"]

1. e4 e6 2. d4 d5 3. exd5 exd5 4. Nc3 Nc6 5. Nf3 Nf6 6. Bg5 Be7 7. Qe2 Ne4 8.
Bxe7 Qxe7 9. Qe3 Nxc3 10. bxc3 Qxe3+ 11. fxe3 Be6 12. Bb5 O-O-O 13. Bxc6 bxc6
14. O-O Rhe8 15. Rae1 Bg4 16. h3 Bxf3 17. Rxf3 g5 18. Rxf7 h5 19. Rg7 g4 20.
hxg4 hxg4 21. Rxg4 Re7 22. Rg6 Kb7 23. Rb1+ Kc8 24. Kf2 Rd6 25. Rg8+ Rd8 26.
Rxd8+ Kxd8 27. Rb8+ Kd7 28. Ra8 Rf7+ 29. Ke2 Rg7 30. Rxa7 Rxg2+ 31. Kd3 Rg1 32.
c4 Rd1+ 33. Kc3 dxc4 34. Kxc4 Rc1 35. Kc3 Re1 36. Kd3 Rd1+ 37. Ke2 Rc1 38. e4
Rxc2+ 39. Kd3 Rc1 40. d5 cxd5 41. exd5 Rd1+ 42. Kc4 Kd6 43. Ra5 c6 44. dxc6
Kxc6 45. Ra6+ Kb7 46. Kb5 Rb1+ 47. Ka5 Ra1 48. Rb6+ Ka7 49. a4 Rd1 50. Kb5 Rd5+
51. Kc6 Re5 52. Rb7+ Ka6 53. Rb6+ Ka5 54. Kd6 Kxb6 55. Kxe5 Ka5 56. Kd4 Kxa4
1/2-1/2

[Event "Barber/Rockefeller Qualifier"]
[Site "Chess.com"]
[Date "2020.04.11"]
[Round "?"]
[White "Johar, Nitya"]
[Black "Nelson, Josh"]
[Result "1-0"]
[WhiteElo "888"]
[BlackElo "480"]
[PlyCount "59"]
[EventDate "2020.??.??"]

1. d4 d6 2. c4 Bf5 3. Nc3 Qd7 4. e4 Bg4 5. Nf3 Bxf3 6. Qxf3 Nc6 7. d5 Nd4 8.
Qd1 O-O-O 9. Qxd4 c5 10. Qd1 e5 11. f4 h5 12. fxe5 dxe5 13. Be3 b6 14. Nb5 Qg4
15. Qxg4+ hxg4 16. Nxa7+ Kb8 17. Nc6+ Kc7 18. Nxd8 Kxd8 19. O-O-O Nf6 20. Bg5
Rh5 21. Bxf6+ gxf6 22. Be2 Bh6+ 23. Kb1 Rg5 24. h3 b5 25. h4 Rh5 26. Bxg4 Rxh4
27. Rxh4 Bg5 28. Rh8+ Ke7 29. cxb5 Kd6 30. Rd8+ 1-0

[Event "Barber/Rockefeller Qualifier"]
[Site "Chess.com"]
[Date "2020.04.11"]
[Round "?"]
[White "Nelson, Josh"]
[Black "Olson, Benjamin"]
[Result "0-1"]
[WhiteElo "480"]
[BlackElo "822"]
[PlyCount "34"]
[EventDate "2020.??.??"]

1. e4 e5 2. Nf3 Nc6 3. Bb5 a6 4. Ba4 Bc5 5. Bxc6 bxc6 6. d4 exd4 7. Be3 dxe3 8.
fxe3 Bxe3 9. Qe2 Bc5 10. Qc4 Nf6 11. Qxc5 d6 12. Qg5 g6 13. Nh4 O-O 14. Nf5
Bxf5 15. exf5 Qe7+ 16. Kd1 Rae8 17. Re1 Qxe1# 0-1

[Event "Barber/Rockefeller Qualifier"]
[Site "Chess.com"]
[Date "2020.04.11"]
[Round "?"]
[White "Chung, Ryan"]
[Black "Olson, Benjamin"]
[Result "1-0"]
[WhiteElo "400"]
[BlackElo "822"]
[PlyCount "35"]
[EventDate "2020.??.??"]

1. e4 e5 2. Nf3 Nc6 3. Bc4 Nf6 4. Ng5 d5 5. exd5 Nxd5 6. Qf3 Qxg5 7. Bxd5 Be6
8. Bxc6+ Kd8 9. Bxb7 Rb8 10. Nc3 Bf5 11. d3 Bg4 12. Bxg5+ Ke8 13. Qxg4 Bd6 14.
Bc6+ Kf8 15. Nb5 Rb6 16. Nxa7 Bb4+ 17. c3 Bc5 18. Qc8# 1-0

[Event "Barber/Rockefeller Qualifier"]
[Site "Chess.com"]
[Date "2020.04.11"]
[Round "?"]
[White "Chapman, Harrison"]
[Black "Olson, Benjamin"]
[Result "0-1"]
[WhiteElo "793"]
[BlackElo "822"]
[PlyCount "34"]
[EventDate "2020.??.??"]

1. e4 e5 2. Nf3 Nc6 3. Nc3 Nf6 4. Bc4 Bc5 5. Ng5 O-O 6. g3 d6 7. f4 exf4 8. e5
dxe5 9. Nd5 Bg4 10. Nf3 e4 11. Nxf6+ Qxf6 12. Bd5 Bxf3 13. Bxf7+ Qxf7 14. Qxf3
exf3 15. Rf1 Rae8+ 16. Kd1 Qe6 17. Rxf3 Qe2# 0-1

[Event "Barber/Rockefeller Qualifier"]
[Site "Chess.com"]
[Date "2020.04.11"]
[Round "?"]
[White "Olson, Benjamin"]
[Black "Stein, Mary"]
[Result "1-0"]
[WhiteElo "822"]
[BlackElo "805"]
[PlyCount "61"]
[EventDate "2020.??.??"]

1. e4 e5 2. Nf3 Nc6 3. Nc3 Nf6 4. Bc4 Bb4 5. Ng5 Qe7 6. Nf3 O-O 7. O-O d6 8. d3
Bg4 9. Bg5 Bxf3 10. Qxf3 Bxc3 11. Bxf6 gxf6 12. Qg4+ Kh8 13. bxc3 Rg8 14. Qf3
Na5 15. Bd5 c6 16. Bxf7 Qxf7 17. Rab1 d5 18. exd5 cxd5 19. d4 exd4 20. cxd4 Qg7
21. Qxd5 Nc6 22. g3 Rab8 23. Qf3 Nxd4 24. Qd3 Rbd8 25. Rbd1 Rd5 26. Qc4 Rgd8
27. c3 Nc2 28. Rxd5 Re8 29. Rc1 Re3 30. Rd8+ Qg8 31. Qxg8# 1-0

[Event "Barber/Rockefeller Qualifier"]
[Site "Chess.com"]
[Date "2020.04.11"]
[Round "?"]
[White "Stein, Mary"]
[Black "Chung, Ryan"]
[Result "1/2-1/2"]
[WhiteElo "805"]
[BlackElo "400"]
[PlyCount "94"]
[EventDate "2020.??.??"]

1. e4 e5 2. Nc3 Nf6 3. Nf3 Nc6 4. Bb5 d6 5. Bxc6+ bxc6 6. O-O Bg4 7. d3 h6 8.
Be3 Be7 9. Qe2 d5 10. b3 d4 11. Bxd4 exd4 12. h3 Bxf3 13. Qxf3 dxc3 14. Qg3 O-O
15. Qh2 Bd6 16. g3 Qe7 17. f4 Bc5+ 18. Kh1 Nd7 19. Qe2 f6 20. e5 fxe5 21. fxe5
Nxe5 22. Rxf8+ Rxf8 23. Rf1 Rxf1+ 24. Qxf1 Qf6 25. Qxf6 gxf6 26. g4 Kg7 27. Kg2
Kg6 28. Kg3 f5 29. gxf5+ Kxf5 30. h4 h5 31. a4 a5 32. b4 Bxb4 33. d4 Ng6 34. d5
cxd5 35. Kf3 Nxh4+ 36. Kg3 Kg5 37. Kh3 c5 38. Kg3 d4 39. Kf2 c4 40. Ke2 d3+ 41.
Ke3 dxc2 42. Kd4 c1=Q 43. Kxc4 Bf8 44. Kb5 Qb2+ 45. Kxa5 Qb8 46. Ka6 c2 47. a5
c1=Q 1/2-1/2

[Event "Barber/Rockefeller Qualifier"]
[Site "Chess.com"]
[Date "2020.04.11"]
[Round "?"]
[White "Chapman, Harrison"]
[Black "Stein, Mary"]
[Result "1-0"]
[WhiteElo "793"]
[BlackElo "805"]
[PlyCount "65"]
[EventDate "2020.??.??"]

1. e4 e5 2. Nf3 Nc6 3. Bc4 Nf6 4. Ng5 d6 5. Nxf7 Ke7 6. Nxd8 Kxd8 7. O-O Bg4 8.
f3 Na5 9. fxg4 Nxc4 10. g5 Nxe4 11. Qg4 Nexd2 12. Bxd2 Nxd2 13. Nxd2 h6 14.
gxh6 gxh6 15. Qh4+ Be7 16. Qf2 Kd7 17. Nf3 c5 18. Nh4 Bxh4 19. Qxh4 Rhf8 20.
Rxf8 Rxf8 21. Rf1 Rxf1+ 22. Kxf1 d5 23. Qxh6 d4 24. g4 e4 25. g5 Ke7 26. g6 Kf6
27. g7+ Kf7 28. Qh7 b6 29. g8=Q+ Kf6 30. Qxe4 a5 31. Qf8+ Kg5 32. Qg2+ Kh4 33.
Qh6# 1-0

[Event "Barber/Rockefeller Qualifier"]
[Site "Chess.com"]
[Date "2020.04.11"]
[Round "?"]
[White "Nelson, Josh"]
[Black "Stein, Mary"]
[Result "0-1"]
[WhiteElo "480"]
[BlackElo "805"]
[PlyCount "36"]
[EventDate "2020.??.??"]

1. e4 e5 2. Nf3 Nc6 3. Nc3 Nf6 4. Bb5 Bb4 5. Bxc6 dxc6 6. a3 Bxc3 7. bxc3 O-O
8. a4 Bg4 9. Ba3 Re8 10. Nxe5 Bxd1 11. Rxd1 Rxe5 12. d4 Rxe4+ 13. Kf1 Ng4 14.
Re1 Rf4 15. h3 Rxf2+ 16. Kg1 Qg5 17. hxg4 Qxg4 18. Kh2 Qxg2# 0-1

[Event "Barber/Rockefeller Qualifier"]
[Site "Chess.com"]
[Date "2020.04.11"]
[Round "?"]
[White "Nelson, Josh"]
[Black "Chapman, Harrison"]
[Result "0-1"]
[WhiteElo "480"]
[BlackElo "793"]
[PlyCount "104"]
[EventDate "2020.??.??"]

1. e4 e5 2. d4 Nc6 3. Qf3 Nb4 4. a4 Nxc2+ 5. Kd2 Nxa1 6. Qa3 Bxa3 7. bxa3 Nb3+
8. Kc3 Nxc1 9. Kc4 d5+ 10. Kc3 dxe4 11. Bd3 exd3 12. f4 d2 13. Ne2 exd4+ 14.
Kc2 d1=Q+ 15. Rxd1 d3+ 16. Rxd3 Na2 17. Rxd8+ Kxd8 18. Kb3 Be6+ 19. Kb2 Ke8 20.
Nbc3 Nxc3 21. Kxc3 Rd8 22. Ng3 Rd5 23. Ne4 Bf5 24. Nd6+ cxd6 25. a5 b6 26. h4
Nf6 27. axb6 Ne4+ 28. Kc4 axb6 29. Kxd5 Nc3+ 30. Kxd6 Kd8 31. Ke5 Bd3 32. Kd4
f6 33. Kxd3 Nb5 34. Kc4 Nxa3+ 35. Kb4 Nc2+ 36. Kb5 Re8 37. Kxb6 Re6+ 38. Kb7
Re7+ 39. Ka8 Kc8 40. g4 Nd4 41. g5 fxg5 42. hxg5 h5 43. f5 Kd8 44. f6 gxf6 45.
gxf6 Rf7 46. Kb8 Rxf6 47. Ka8 Rf7 48. Kb8 h4 49. Ka8 h3 50. Kb8 h2 51. Ka8
h1=Q+ 52. Kb8 Qb7# 0-1